| 000 | 01159nam0a22003011 4500 | ||
|---|---|---|---|
| 001 | v19\rc\1932650 | ||
| 005 | 20251118180740.6 | ||
| 035 | _a(NLR Aleph) 005017668 | ||
| 090 |
_a6555255 _c6555255 |
||
| 100 | _a20251123 rusy50 | ||
| 101 | 0 | _arus | |
| 102 | _aRU | ||
| 105 | _ay z ||||| | ||
| 200 | 1 |
_aНорд-осты в Новороссийске и бедствия птиц _fИ. Ракович |
|
| 210 |
_aСанкт-Петербург _cтип. "Восход" _d1912 |
||
| 215 |
_a15 с. _d21 |
||
| 311 | _aОтт. из кн. Ракович, И.Ф. О Черноморском побережье | ||
| 488 | 0 |
_12001#$aО Черноморском побережье _1700#1$aРакович$bИ.Ф.$gИван Федорович _tО Черноморском побережье _aРакович, Иван Федорович |
|
| 700 | 1 |
_aРакович _bИ.Ф. _gИван Федорович |
|
| 801 | 0 |
_aRU _bNLR _gpsbo |
|
| 801 | 0 |
_aRU _bRuMoRGB _2psbo |
|
| 801 | 1 |
_aRU _bProSoft-M _2rusmarc |
|
| 852 |
_aNLR _j18.286.8.156 |
||
| 899 |
_aRuMoRGB _jF 102/672 |
||
| 899 |
_aRuMoRGB _jU 269/37 |
||
| 899 | _aБАН | ||
| 942 | _cBOOK | ||
| 980 | _aNB | ||